000 01058nam a22002537a 4500
003 BD-DhSAU
005 20161027093836.0
008 160727b2014 bg ||||| |||| 001 0 eng d
040 _aBD-DhSAU
082 _222
_a581.15
_bB3956
100 _aBegum, Most. Nur Shahi
_eRegistration # 08-03148
245 _aGenetic diversity in brinjal (solanum melongena l.) Genotypes of bangladesh /
_bMS thesis
260 _aSher-e-Bangla Agricultural Universities :
_bDepartment of Genetics and Plant Breeding,
_c2014
300 _aviii, 72 p. :
_bill. ;
_c30 cm.
500 _aMS thesis of Department of Genetics and Plant Breeding, Faculty of Agriculture, Sher-e-Bangla Agricultural University, Dhaka, Bangladesh
590 _aMd. Sirajul Islam
650 _aGenetics and Plant Breeding
650 _aBrinjal
650 _aGenotypes
700 _aSiddikee, Md. Ashaduzzaman
_eSupervisor
700 _aHossain, Md. Sarowar
_eCo-Supervisor
856 _uhttp://archive.saulibrary.edu.bd:8080/handle/123456789/580
_yOnline Access
942 _2ddc
_cTHESIS
999 _c13483
_d13482